Srihastamuktavali/ (Record no. 43788)

000 -LEADER
fixed length control field 00372nam a22001451a 4500
020 ## - INTERNATIONAL STANDARD BOOK NUMBER
ISBN 9788120808294
082 ## - DEWEY DECIMAL CLASSIFICATION NUMBER
Classification number S 792.8
Item number MAH/S
100 ## - MAIN ENTRY--AUTHOR NAME
Personal name Maheswar Neog
245 ## - TITLE STATEMENT
Title Srihastamuktavali/
Statement of responsibility, etc by Maheswar Neog
260 ## - PUBLICATION, DISTRIBUTION, ETC. (IMPRINT)
Place of publication New Delhi:
Name of publisher Indira Gandhi National centre for the arts,
Year of publication 1991.
300 ## - PHYSICAL DESCRIPTION
Number of Pages 205p. +plates
650 ## - SUBJECT ADDED ENTRY--TOPICAL TERM
Topical Term Dance
650 ## - SUBJECT ADDED ENTRY--TOPICAL TERM
Topical Term Arts
942 ## - ADDED ENTRY ELEMENTS (KOHA)
Koha item type Book
Holdings
Withdrawn status Lost status Damaged status Not for loan Permanent Location Current Location Shelving location Date acquired Cost, normal purchase price Full call number Accession Number Cost, replacement price Price effective from Koha item type
        Sree Sankaracharya University of Sanskrit Sree Sankaracharya University of Sanskrit Stacks 08.01.2015 300.00 S 792.8 MAH/S 053742 0.00 08.01.2015 Book
        Sree Sankaracharya University of Sanskrit Sree Sankaracharya University of Sanskrit   08.01.2015 300.00 S 792.8 MAH/S 062471 0.00 08.01.2015 Book